000 00227 a2200109 4500
001 155656
040 _cEscola São Tomás de Aquino
240 1 0 _aINTERESTA
_lpor
245 1 0 _aINTERESTA
697 _aGENERALIDADES
942 _cMX
999 _c155656
_d155656